000 00522nam a2200193Ia 4500
005 20250508164509.0
008 008 250505s9999 xx 000 0 hin d
037 _aTextual
040 _aFEDL
_beng
_cFEDL
041 _ahin
_2hin
084 _a338.1954, GAN
_qFEDL
100 _aGandhi
245 0 _aBharatki khurakki samasya
260 _aAhmedabad, India
_bNavjivan Prakashan Mandir
_c1960
300 _a67p.
365 _aINR
_b0.5
942 _cTEXL
_h338.1954, GAN
999 _c1389423
_d1389423